000 00303nam a22001337a 4500
008 171018b xxu||||| |||| 00| 0 eng d
020 _a0312654715
041 _aeng
080 _a338
100 _a53
101 _aMEN
245 _aPUBLIC MANAGEMENT AND POLICY ANALYSIS
_cBOZEMAN,B
942 _2udc
_cBK
999 _c34605
_d34605